000
00314 a2200121 4500
000
nam a22 7a 4500
005
20260320113436.0
020
_a
9781639870066
100
_a
Thomas Flynn
_9
1132634
245
_a
Abiotic and Biotic Stress in Plants
260
_b
Murphy & Moore Publishing
_c
2022
942
_c
TEXL
999
_c
1715818
_d
1715818